| 000 | 00578ckm a22002055a 4500 | ||
|---|---|---|---|
| 001 | L140534 | ||
| 008 | 070927s1936 xxk eng u | ||
| 035 | _a(Sirsi) u140534 | ||
| 041 | 0 | _aeng | |
| 100 | 1 | _aFletcher, Hanslip | |
| 245 | 0 | 1 |
_a[11] Great George Street Westminster _h[graphic] |
| 260 | _c1936 | ||
| 300 |
_a1 print _c28 x 38 cm. |
||
| 340 | _aReproduction | ||
| 351 | _cSingle item | ||
| 500 | _aReproduction of a drawing of 11 Great George Street by Hanslip Fletcher. Library holds two copies. | ||
| 651 | 4 | _aLondon | |
| 690 | _aABOUT RICS | ||
| 942 | _n0 | ||
| 999 |
_c116339 _d116339 |
||